Music Quiz

Random Music or Song Quiz

What ARTIST name completes the SONG title? Quiz Stats

 Plays Quiz not verified by Sporcle

Challenge
Share
Tweet
Embed
Score 0/30 Timer 06:00
0 Plays Today
Song title Artist name that completes title % Correct
Sweet Home _______Alabama
96.1%
Dancing _____Queen
91.4%
____ry PieCher
85.8%
Our Lips Are ____edSeal
85.6%
How You ___ind MeR.E.M.
85.5%
Stick To The S____s Quot.A.T.u.
84.3%
Walk The ____saurDino
83.7%
W____ Lotta LoveHole
79.4%
Hopelessly ____ted To YouDevo
70.2%
Fre__ __ A LeashAkon
65.1%
____domFree
61.3%
Lady _______Madonna
59.6%
Miami V___ _hemeIce T
58%
Two ______sPrince
49.4%
Wa____ My TimeSting
49.2%
Song title Artist name that completes title % Correct
Lyin' E___Yes
48%
Orange C____Rush
43.9%
Me __ __rnySoho
43.9%
I'm In ___mi TrickM.I.A.
41%
____ On My ListKiss
36.1%
__ __ply At AllN.O.R.E.
32.8%
O__ __tion Under A GrooveNena
25.7%
The Night _______ DiedChicago
23%
Delta ____Dawn
22.8%
Shoul_ _ __ ItDido
18.2%
Send O__ __ur LoveNe-Yo
12.9%
Head __ __eToto
12.8%
___ ___le of the MoonThe Who
12.2%
___ _yed Lady of the LowlandsSade
9.8%
Just __ _ _mAsia
9.5%

You're not logged in!

Compare scores with friends on all Sporcle quizzes.
OR
Log In

You Might Also Like...

Show Comments

Extras

Top Quizzes Today


Score Distribution

Your Account Isn't Verified!

In order to create a playlist on Sporcle, you need to verify the email address you used during registration. Go to your Sporcle Settings to finish the process.

Report this User

Report this user for behavior that violates our Community Guidelines.

Details: